| 000 | 00648nam a2200193 a 4500 | ||
|---|---|---|---|
| 001 | 000032396 | ||
| 005 | 20200930065623.0 | ||
| 008 | 110715s2011 dr 000 0 spa d | ||
| 020 | _a9789945871562 | ||
| 040 |
_aDO-SdBNP _bspa _cBNPHU |
||
| 100 | 1 |
_aRodríguez Carpio, Benjamín _d1971- _958367 |
|
| 245 | 1 | 0 |
_aDerecho notarial : _bteoría- prácitica- legislación fiscal / _cBenjamín Rodríguez Carpio. |
| 250 | _a2a ed. | ||
| 260 |
_aSanto Domingo : _bEditora Judicial _fEditora Corripio |
||
| 300 |
_a379 p. ; _c23 cm. |
||
| 500 | _aIncluye datos biográficos del autor en la solapa | ||
| 504 | _aBibliografía : p. 371-379 | ||
| 049 | _aBNPD | ||
| 999 |
_c31887 _d31887 |
||